L'Europa e l'anima dell'oriente

Saved in:
Bibliografiske detaljer
Hovedforfatter: Schubart, Walter (Author)
Format: Bog
Sprog:italiensk
Udgivet: Milán Edizioni di Comunitá 1947
Fag:
Tags: Tilføj Tag
Ingen Tags, Vær først til at tagge denne postø!

MARC

LEADER 00000nam a2200000 a 4500
001 UCX1787
003 CL-VaPUC
008 901031e19470000IT |||||||||||||||||ita|d
082 0 4 |a 940  |b SCH  |2 21 
100 0 |a Schubart, Walter  |e author  |9 317469 
245 1 2 |a L'Europa e l'anima dell'oriente 
300 |a 398 p 
942 |c BK 
945 |d 19901031 00:00:00 
260 |a Milán  |b Edizioni di Comunitá  |c 1947 
650 0 |a Civilización   |9 255823 
650 7 |a CIVILIZACION OCCIDENTAL  |2 CL-VaPUC  |9 315932 
650 0 |a Civilización oriental  |9 317470 
651 0 |a Europa  |9 255156 
583 |a last modification  |c 19901031 00:00:00  |k Rodrigo Vera 
999 |c 222949  |d 222947 
952 |0 0  |1 0  |4 0  |6 940_000000000000000_SCH_1947  |7 0  |8 X  |9 218274  |a BIBHIS  |b BIBHIS  |d 2019-11-15  |i 2871122  |o 940 SCH 1947  |p 2871122  |r 2024-01-30  |w 2019-11-15  |y BK_X  |k HIS